Deviance, crime and socio-legal control: (Record no. 743)

MARC details
000 -LEADER
fixed length control field 01154cam a2200325 4500
001 - CONTROL NUMBER
control field 783411
003 - CONTROL NUMBER IDENTIFIER
control field OSt
005 - DATE AND TIME OF LATEST TRANSACTION
control field 20150709163614.0
008 - FIXED-LENGTH DATA ELEMENTS--GENERAL INFORMATION
fixed length control field 730628s1973 enk b 000 0 eng
010 ## - LIBRARY OF CONGRESS CONTROL NUMBER
LC control number 73163355
015 ## - NATIONAL BIBLIOGRAPHY NUMBER
National bibliography number B***
020 ## - INTERNATIONAL STANDARD BOOK NUMBER
International Standard Book Number 0855200189
040 ## - CATALOGING SOURCE
Original cataloging agency DLC
Transcribing agency DLC
Modifying agency DLC
050 00 - LIBRARY OF CONGRESS CALL NUMBER
Classification number HM291
Item number .R575
082 00 - DEWEY DECIMAL CLASSIFICATION NUMBER
Classification number 364 ROB
100 1# - MAIN ENTRY--PERSONAL NAME
Personal name Robertson, Roland.
9 (RLIN) 2031
245 10 - TITLE STATEMENT
Title Deviance, crime and socio-legal control:
Remainder of title comparative perspectives
Statement of responsibility, etc [by] Roland Robertson and Laurie Taylor.
260 ## - PUBLICATION, DISTRIBUTION, ETC. (IMPRINT)
Place of publication, distribution, etc [London]
Name of publisher, distributor, etc M. Robertson
Date of publication, distribution, etc [1973]
300 ## - PHYSICAL DESCRIPTION
Extent 74 p.
Dimensions 23 cm.
490 0# - SERIES STATEMENT
Series statement Law in society series
500 ## - GENERAL NOTE
General note Label mounted on t.p.: Distributed in U.S.A. exclusively by Fred B. Rotham & Co., South Hackensack, N.J.
500 ## - GENERAL NOTE
General note Revision of a paper given to the annual conference of the British Sociological Association in April, 1971.
504 ## - BIBLIOGRAPHY, ETC. NOTE
Bibliography, etc Includes bibliographical references.
650 #0 - SUBJECT ADDED ENTRY--TOPICAL TERM
Topical term or geographic name as entry element Deviant behavior.
9 (RLIN) 2032
650 #0 - SUBJECT ADDED ENTRY--TOPICAL TERM
Topical term or geographic name as entry element Social control.
9 (RLIN) 2033
650 #0 - SUBJECT ADDED ENTRY--TOPICAL TERM
Topical term or geographic name as entry element Crime.
9 (RLIN) 2027
700 1# - ADDED ENTRY--PERSONAL NAME
Personal name Taylor, Laurie,
Dates associated with a name 1935-
Relator term joint author.
9 (RLIN) 2034
906 ## - LOCAL DATA ELEMENT F, LDF (RLIN)
a 7
b cbc
c orignew
d 2
e ncip
f 19
g y-gencatlg
942 ## - ADDED ENTRY ELEMENTS (KOHA)
Source of classification or shelving scheme Dewey Decimal Classification
Koha item type Books
Holdings
Withdrawn status Lost status Source of classification or shelving scheme Damaged status Not for loan Home library Current library Shelving location Date acquired Total Checkouts Full call number Barcode Date last seen Price effective from Koha item type
    Dewey Decimal Classification     Law Development Centre Main Library Law Development Centre Main Library Text Books and Laws 04/28/2011   364 ROB 2011/2502 04/28/2011 04/28/2011 Books